African Countries in Spanish - Statistics

General Stats
  • This quiz has been taken 352 times
    321 since last reset
  • The average score is 21 of 24
Answer Stats
Spanish Name English Name % Correct
Camerun Cameroon
96%
Egipto Egypt
95%
Kenia Kenya
94%
Libia Libya
94%
Republica Democratica del Congo Democratic Republic of the Congo
93%
Sudafrica South Africa
93%
Ruanda Rwanda
92%
Republica Centroafricana Central African Republic
91%
Zimbabue Zimbabwe
91%
Cabo Verde Cape Verde
90%
Republica del Congo Republic of the Congo
90%
Sudan del Sur South Sudan
90%
Argelia Algeria
89%
Lesoto Lesotho
88%
Sierra Leona Sierra Leone
88%
Tunez Tunisia
87%
Guinea Ecuatorial Equatorial Guinea
86%
Yibuti Djibouti
84%
Suazilandia Swaziland
83%
Las Comoras Comoros
80%
Santo Tome y Principe Sao Tome and Principe
80%
Marruecos Morocco
78%
Mauricio Mauritius
77%
Costa de Marfil Cote d'Ivoire
76%
No matching quizzes found
Score Distribution
Percent of People with Each Score
Percentile by Number Answered
Your Score History
You have not taken this quiz since the last reset